00740nam a2200241 a 4500001001300000003000900013005001700022008004100039020001000080082002200090100002100112245006100133260005600194300000900250500003500259505001300294650001800307700002100325902000800346942000700354952012200361999001500483nice12345678IN_TiNIC20260116011439.0050524s1914 cala grp 000 0 eng  ac10000a323.39710954bBOU aBourne, W Fitz G aHindustani Musalmans and Musalmans of the Eastern Punjab aCalcuttabSuperintendent Govt. Printing Indiac1914 a110p aincludes index and biblioraphy2 aAppendex aMuslims-India1 aBourne, W Fitz G bSRS cBK 001040708StackRoom-aHMIbHMId2007-04-09g100.00l0o323.39710954 BOUp00915r2007-04-09v100.00w2005-05-24yBK c1621d1621